Jtech panel report on advanced computing in Japan

محفوظ في:
التفاصيل البيبلوغرافية
التنسيق: كتاب
اللغة:Undetermined
منشور في: Tokyo SAIC 1987
الموضوعات:
الوسوم: إضافة وسم
لا توجد وسوم, كن أول من يضع وسما على هذه التسجيلة!
Thư viện lưu trữ: Trung tâm Học liệu Trường Đại học Cần Thơ
LEADER 00479nam a2200181Ia 4500
001 CTU_98138
008 210402s9999 xx 000 0 und d
082 |a 338.47004 
082 |b J89 
245 0 |a Jtech panel report on advanced computing in Japan 
260 |a Tokyo 
260 |b SAIC 
260 |c 1987 
650 |a Computer industry 
650 |x Technological innovations 
650 |z Japan 
904 |i Truc 
980 |a Trung tâm Học liệu Trường Đại học Cần Thơ